[Event "IECC Swiss-571.2"]
[Site "IECC email"]
[Date "2014.08.03"]
[Round "?"]
[White "Basson, Heinrich"]
[Black "De Bruin, Peter"]
[Result "0-1"]
[WhiteElo "1736"]
[BlackElo "1590"]
[PlyCount "28"]
[EventDate "2014.??.??"]
[EventType "swiss (corr)"]
[EventRounds "1"]
[SourceTitle "Corr 2020"]
[Source "ChessBase"]
[SourceDate "2019.09.30"]
[SourceVersion "1"]
[SourceVersionDate "2019.09.30"]
[SourceQuality "1"]
[WhiteTeam "South Africa"]
[BlackTeam "United States"]
[WhiteTeamCountry "RSA"]
[BlackTeamCountry "USA"]

1. d4 d5 2. c4 Nf6 3. Nd2 dxc4 4. e4 b5 5. a4 c6 6. Ngf3 e6 7. Be2 Be7 8. 0-0 0-0 9. b3 c3 10. Nb1 b4 11. Qc2 c5 12. dxc5 Bb7 13. Bd3 Nfd7 14. Be3 Nxc5 0-1

[Event "IECC Swiss-562.4"]
[Site "IECC email"]
[Date "2013.08.21"]
[Round "?"]
[White "Mauro, Danilo"]
[Black "De Bruin, Peter"]
[Result "1-0"]
[WhiteElo "1792"]
[BlackElo "1573"]
[PlyCount "89"]
[EventDate "2013.??.??"]
[EventType "swiss (corr)"]
[EventRounds "1"]
[SourceTitle "Telechess CBM 165"]
[Source "ChessBase"]
[SourceDate "2015.03.11"]
[SourceVersion "1"]
[SourceVersionDate "2015.03.11"]
[SourceQuality "1"]
[WhiteTeam "Italy"]
[BlackTeam "US of America"]
[WhiteTeamCountry "ITA"]
[BlackTeamCountry "USA"]

1. e4 e5 2. Nf3 Nc6 3. d4 exd4 4. Nxd4 Bc5 5. Nxc6 Qf6 6. Qf3 dxc6 7. Nc3 Be6 8. Be3 Bb4 9. Bd2 0-0-0 10. Bd3 Qxf3 11. gxf3 Ne7 12. 0-0-0 Ng6 13. f4 Bg4 14. Rdf1 Bxc3 15. bxc3 Nh4 16. Rhg1 h5 17. Rg3 Nf3 18. h3 Nxd2 19. Kxd2 Bd7 20. Rxg7 Bxh3 21. Rh1 Be6 22. f5 Bxa2 23. Ra1 Bc4 24. Rxa7 Kb8 25. Ra1 h4 26. Ke3 Bxd3 27. cxd3 f6 28. d4 h3 29. Rh1 Rh4 30. f4 b5 31. e5 c5 32. Ke4 Kb7 33. exf6 cxd4 34. cxd4 Rf8 35. Ke5 Kc8 36. Re7 h2 37. f7 Kd8 38. f6 Rh5+ 39. Ke6 Rh3 40. Kf5 b4 41. d5 b3 42. Ra1 Kc8 43. Re8+ Kd7 44. Rxf8 b2 45. Rb1 1-0

[Event "IECC Swiss-562.3"]
[Site "IECC email"]
[Date "2013.05.06"]
[Round "?"]
[White "De Bruin, Peter"]
[Black "Dawkins, Arthur William"]
[Result "1-0"]
[WhiteElo "1585"]
[BlackElo "1172"]
[PlyCount "65"]
[EventDate "2013.??.??"]
[EventType "swiss (corr)"]
[EventRounds "1"]
[SourceTitle "Telechess CBM 165"]
[Source "ChessBase"]
[SourceDate "2015.03.11"]
[SourceVersion "1"]
[SourceVersionDate "2015.03.11"]
[SourceQuality "1"]
[WhiteTeam "US of America"]
[WhiteTeamCountry "USA"]

1. d4 d5 2. c4 c6 3. Nf3 Nf6 4. Nc3 e6 5. Bg5 Nbd7 6. cxd5 exd5 7. e3 Be7 8. Bd3 h6 9. Bh4 0-0 10. 0-0 Re8 11. Qc2 Ne4 12. Bxe7 Qxe7 13. Rac1 Ndf6 14. Ne5 Bf5 15. Ne2 Qe6 16. Nf4 Qc8 17. a4 a5 18. Rfe1 c5 19. Bxe4 Bxe4 20. Qxc5 Qxc5 21. Rxc5 Rac8 22. Rxa5 Rc2 23. b4 g5 24. Ne2 b6 25. Ra7 Rec8 26. Ng3 Rc1 27. Rf1 Rxf1+ 28. Nxf1 Rf8 29. Rb7 Bc2 30. Rxb6 Kg7 31. a5 Ne8 32. a6 Nc7 33. Rc6 1-0

[Event "IECC Swiss-567.1"]
[Site "IECC email"]
[Date "2013.04.07"]
[Round "?"]
[White "De Bruin, Peter"]
[Black "Nelson, Anthony E"]
[Result "0-1"]
[WhiteElo "1587"]
[BlackElo "1363"]
[PlyCount "57"]
[EventDate "2013.??.??"]
[EventType "swiss (corr)"]
[EventRounds "1"]
[SourceTitle "Telechess CBM 165"]
[Source "ChessBase"]
[SourceDate "2015.03.11"]
[SourceVersion "1"]
[SourceVersionDate "2015.03.11"]
[SourceQuality "1"]
[WhiteTeam "US of America"]
[BlackTeam "US of America"]
[WhiteTeamCountry "USA"]
[BlackTeamCountry "USA"]

1. d4 Nf6 2. Nf3 d5 3. c4 c5 4. cxd5 cxd4 5. Nxd4 Nxd5 6. e4 Nf6 7. e5 Qa5+ 8. Nc3 Qxe5+ 9. Be2 Bd7 10. 0-0 Nc6 11. Nxc6 Bxc6 12. Be3 e6 13. Bd4 Qf5 14. Bd3 Qg5 15. g3 Be7 16. h4 Qa5 17. Bb5 Bxb5 18. Nxb5 Qxb5 19. b3 Rd8 20. Rc1 e5 21. a4 Qa6 22. Bxe5 Rxd1 23. Rfxd1 0-0 24. Bxf6 Bxf6 25. Rd7 Qe2 26. Rcd1 Bc3 27. Rf1 f5 28. Rc7 Bd4 29. Rd7 0-1

[Event "IECC Swiss-560.3"]
[Site "IECC email"]
[Date "2013.03.05"]
[Round "?"]
[White "Bertel, Michael"]
[Black "De Bruin, Peter"]
[Result "1/2-1/2"]
[WhiteElo "1788"]
[BlackElo "1585"]
[PlyCount "84"]
[EventDate "2013.??.??"]
[EventType "swiss (corr)"]
[EventRounds "1"]
[SourceTitle "Telechess CBM 165"]
[Source "ChessBase"]
[SourceDate "2015.03.11"]
[SourceVersion "1"]
[SourceVersionDate "2015.03.11"]
[SourceQuality "1"]
[WhiteTeam "US of America"]
[BlackTeam "US of America"]
[WhiteTeamCountry "USA"]
[BlackTeamCountry "USA"]

1. d4 d5 2. Bf4 Nf6 3. e3 e6 4. Nf3 Be7 5. Bb5+ Bd7 6. Nc3 0-0 7. 0-0 Nh5 8. Be5 f6 9. Bxd7 Nxd7 10. Bf4 Nxf4 11. exf4 Re8 12. f5 Nf8 13. fxe6 Nxe6 14. Ne2 Qd7 15. Qd3 Bd6 16. c4 dxc4 17. Qxc4 b5 18. Qc2 a6 19. d5 Ng5 20. Nxg5 fxg5 21. Rad1 Qf7 22. Ng3 Rad8 23. Rd3 Bf4 24. Rfd1 Re5 25. Qc6 Rd6 26. Qc5 g4 27. Qa7 Rd8 28. Qxa6 Rf8 29. Rf1 Rxd5 30. Rxd5 Qxd5 31. a4 Be5 32. axb5 Bxb2 33. Qa4 Bd4 34. Ne2 Be5 35. Qxg4 Qxb5 36. Ng3 Qb3 37. Qe4 Bd6 38. Nf5 Qf7 39. Nxd6 cxd6 40. Qd4 Rd8 41. Re1 h6 42. g3 Kh7 1/2-1/2

[Event "IECC Swiss-563.2"]
[Site "IECC email"]
[Date "2012.12.19"]
[Round "?"]
[White "De Bruin, Peter"]
[Black "Basson, Heinrich"]
[Result "0-1"]
[WhiteElo "1628"]
[BlackElo "1815"]
[PlyCount "88"]
[EventDate "2012.??.??"]
[EventType "swiss (corr)"]
[EventRounds "1"]
[SourceTitle "Telechess CBM 165"]
[Source "ChessBase"]
[SourceDate "2015.03.11"]
[SourceVersion "1"]
[SourceVersionDate "2015.03.11"]
[SourceQuality "1"]
[WhiteTeam "US of America"]
[BlackTeam "South Africa"]
[WhiteTeamCountry "USA"]
[BlackTeamCountry "RSA"]

1. e4 d5 2. exd5 Qxd5 3. Nc3 Qa5 4. Bc4 c6 5. Nf3 Nf6 6. 0-0 Bf5 7. d3 e6 8. Bd2 Qc7 9. Nh4 Bg4 10. Qe1 Nbd7 11. h3 Bh5 12. g4 Bg6 13. Nxg6 hxg6 14. Kg2 0-0-0 15. Ne4 Nb6 16. Ba5 Nxe4 17. Qxe4 Bc5 18. Bc3 Rh7 19. Rad1 Rdh8 20. Rh1 g5 21. Be5 Bd6 22. Bxd6 Qxd6 23. Qe3 Qd8 24. a4 a6 25. b3 Rh6 26. Qe5 Nd7 27. Qxg7 Nf8 28. Rde1 Ng6 29. Re4 R8h7 30. Qc3 Nf4+ 31. Kf1 Rxh3 32. Rxh3 Rxh3 33. Kg1 Rh4 34. f3 Ng6 35. Qg7 Qd6 36. Bxe6+ fxe6 37. f4 Rxg4+ 38. Kf1 Qa3 39. Qg8+ Kc7 40. Qg7+ Kb8 41. Qc3 Qc1+ 42. Re1 Qxf4+ 43. Ke2 Ne5 44. Kd1 Nf3 0-1

[Event "IECC Swiss-562.1"]
[Site "IECC email"]
[Date "2012.06.03"]
[Round "?"]
[White "De Bruin, Peter"]
[Black "Wozniak, Zbigniew"]
[Result "1-0"]
[WhiteElo "1628"]
[BlackElo "1897"]
[PlyCount "99"]
[EventDate "2012.??.??"]
[EventType "swiss (corr)"]
[EventRounds "1"]
[SourceTitle "Telechess CBM 165"]
[Source "ChessBase"]
[SourceDate "2015.03.11"]
[SourceVersion "1"]
[SourceVersionDate "2015.03.11"]
[SourceQuality "1"]
[WhiteTeam "US of America"]
[BlackTeam "Poland"]
[WhiteTeamCountry "USA"]
[BlackTeamCountry "POL"]

1. e4 c5 2. Nf3 d6 3. d4 cxd4 4. Nxd4 Nf6 5. Nc3 a6 6. a3 e5 7. Nb3 Be6 8. Bd3 d5 9. exd5 Nxd5 10. Nxd5 Qxd5 11. 0-0 e4 12. Be2 Nc6 13. Qxd5 Bxd5 14. Rd1 Bxb3 15. cxb3 Bc5 16. b4 Bd4 17. b5 axb5 18. Bxb5 0-0-0 19. Re1 f5 20. Rb1 h6 21. Bc4 Kc7 22. Be6 Rhf8 23. h4 Ne5 24. Bf4 Rf6 25. Bb3 Kb6 26. Rbd1 Nd3 27. Be3 f4 28. Bxd4+ Rxd4 29. Re2 Rg6 30. Red2 f3 31. g3 e3 32. Rxd3 Rxd3 33. Rxd3 e2 34. Re3 Rd6 35. Kh2 Rd1 36. g4 e1Q 37. Rxe1 Rxe1 38. Kg3 Re2 39. Kxf3 Rxb2 40. Be6 Kc5 41. a4 Rb4 42. Bd7 Rd4 43. Be8 Kb4 44. h5 b6 45. Kg3 g5 46. hxg6 Rd8 47. Bf7 Kc5 48. g7 Kd6 49. g8Q Rxg8 50. Bxg8 1-0

[Event "IECC Swiss-554.3"]
[Site "IECC email"]
[Date "2011.11.15"]
[Round "?"]
[White "Jewell, Barry"]
[Black "De Bruin, Peter"]
[Result "1/2-1/2"]
[WhiteElo "1539"]
[BlackElo "1611"]
[PlyCount "106"]
[EventDate "2011.??.??"]
[EventType "swiss (corr)"]
[EventRounds "1"]
[SourceTitle "Telechess CBM 165"]
[Source "ChessBase"]
[SourceDate "2015.03.11"]
[SourceVersion "1"]
[SourceVersionDate "2015.03.11"]
[SourceQuality "1"]
[WhiteTeam "Canada"]
[BlackTeam "US of America"]
[WhiteTeamCountry "CAN"]
[BlackTeamCountry "USA"]

1. e4 c5 2. Nf3 d6 3. d4 cxd4 4. Nxd4 Nf6 5. Nc3 e5 6. Ndb5 a6 7. Na3 b5 8. Nd5 Nxe4 9. Be3 Qa5+ 10. c3 Nd7 11. Nc2 Bb7 12. Ncb4 Qd8 13. a4 bxa4 14. Rxa4 Nec5 15. Ra3 Be7 16. Nxe7 Qxe7 17. Nd5 Bxd5 18. Qxd5 0-0 19. Bxc5 Nxc5 20. Be2 a5 21. Qa2 a4 22. 0-0 Rab8 23. Bc4 Qb7 24. Rb1 Qe4 25. Bd5 Qf5 26. b4 Rfc8 27. b5 Rb6 28. c4 Qd7 29. Rf3 Rf8 30. Qc2 Qg4 31. h3 Qg6 32. Qxg6 hxg6 33. Ra1 Rbb8 34. Rfa3 Rfc8 35. Rxa4 Nxa4 36. Rxa4 Rc5 37. Ra6 Rxd5 38. cxd5 Rxb5 39. Rxd6 Kf8 40. Ra6 Rxd5 41. h4 Ke7 42. g3 Rd6 43. Ra5 Ke6 44. Kf1 Rd2 45. Ke1 Rc2 46. Ra6+ Kd7 47. Ra7+ Rc7 48. Ra6 Rc6 49. Ra7+ Rc7 50. Ra6 Rc6 51. Ra7+ Rc7 52. Ra6 Rc6 53. Ra7+ Ke6 1/2-1/2

[Event "IECC Swiss-552.3"]
[Site "IECC email"]
[Date "2011.07.22"]
[Round "?"]
[White "De Bruin, Peter"]
[Black "Cremers, Frans Jozef"]
[Result "1-0"]
[WhiteElo "1594"]
[BlackElo "1480"]
[PlyCount "47"]
[EventDate "2011.??.??"]
[EventType "swiss (corr)"]
[EventRounds "1"]
[SourceTitle "Telechess CBM 149"]
[Source "ChessBase"]
[SourceDate "2012.07.17"]
[SourceVersion "1"]
[SourceVersionDate "2012.07.17"]
[SourceQuality "1"]
[WhiteTeam "US of America"]
[BlackTeam "Netherlands"]
[WhiteTeamCountry "USA"]
[BlackTeamCountry "NED"]

1. e4 c5 2. Nf3 d6 3. d4 cxd4 4. Nxd4 Nf6 5. Nc3 a6 6. Bd3 e5 7. Nf5 d5 8. Nxd5 Bxf5 9. Nxf6+ Qxf6 10. exf5 Nc6 11. 0-0 0-0-0 12. Qg4 Be7 13. Be3 Kb8 14. Rad1 Qh4 15. Qxh4 Bxh4 16. Bb6 Rd6 17. Bc4 Nd4 18. Bxd4 exd4 19. Bxf7 Rc8 20. Rd2 Rc5 21. g4 Re5 22. Rfd1 Re4 23. f3 Re3 24. Kg2 1-0

[Event "Swiss-553.1.06"]
[Site "IECC email"]
[Date "2010.09.05"]
[Round "?"]
[White "De Bruin, Peter"]
[Black "Reilly, Jim"]
[Result "1-0"]
[WhiteElo "1674"]
[BlackElo "1441"]
[PlyCount "77"]
[EventDate "2010.??.??"]
[EventType "tourn (corr)"]
[SourceTitle "Telechess CBM 145"]
[Source "Chessbase"]
[SourceDate "2011.11.11"]
[SourceVersion "1"]
[SourceVersionDate "2011.11.11"]
[SourceQuality "1"]
[WhiteTeam "US of America"]
[BlackTeam "US of America"]
[WhiteTeamCountry "USA"]
[BlackTeamCountry "USA"]

1. e4 c5 2. Nf3 Nc6 3. d4 cxd4 4. Nxd4 Nf6 5. Nc3 e5 6. Nxc6 bxc6 7. Bd3 Be7 8. f4 d5 9. fxe5 Ng4 10. Be2 Bh4+ 11. g3 Nxe5 12. exd5 0-0 13. 0-0 Qb6+ 14. Rf2 Bf6 15. Ne4 Bd8 16. d6 Re8 17. a4 a5 18. Ra3 Be6 19. Rc3 Qb7 20. Nc5 Qa7 21. Be3 Bb6 22. Qd2 Bd5 23. Bd4 Rad8 24. Nb3 Rxd6 25. Bxb6 Qxb6 26. Rc5 Red8 27. Qxa5 Qb7 28. Rc3 Rb8 29. Qc5 Qe7 30. a5 Bc4 31. Bxc4 Nxc4 32. Qxc4 g6 33. Rcf3 Rd1+ 34. Kg2 Rf8 35. Qxc6 Rd7 36. a6 Rc7 37. Qf6 Qe4 38. Nd4 Qe7 39. Ne6 1-0

[Event "Swiss-533.4.04"]
[Site "IECC email"]
[Date "2010.05.18"]
[Round "?"]
[White "Cofer, David"]
[Black "De Bruin, Peter"]
[Result "1/2-1/2"]
[WhiteElo "1584"]
[BlackElo "1665"]
[PlyCount "78"]
[EventDate "2010.??.??"]
[EventType "tourn (corr)"]
[SourceTitle "Telechess CBM 149"]
[Source "ChessBase"]
[SourceDate "2012.07.17"]
[SourceVersion "1"]
[SourceVersionDate "2012.07.17"]
[SourceQuality "1"]
[WhiteTeam "US of America"]
[BlackTeam "US of America"]
[WhiteTeamCountry "USA"]
[BlackTeamCountry "USA"]

1. e4 c5 2. Nf3 d6 3. d4 cxd4 4. Nxd4 Nf6 5. Nc3 e5 6. Bb5+ Bd7 7. Bxd7+ Qxd7 8. Nf3 Be7 9. Bg5 0-0 10. 0-0 Nc6 11. Qd3 Nb4 12. Qd2 Rfd8 13. Qe2 Qe6 14. Rfd1 h6 15. a3 Nc6 16. Bxf6 Bxf6 17. Rd3 Rd7 18. Rad1 Rad8 19. h3 Ne7 20. Qd2 Ng6 21. Nd5 Nf4 22. Rc3 Nxd5 23. Qxd5 Qe7 24. Qc4 a6 25. a4 Ra8 26. a5 Rad8 27. Rd5 Qe6 28. Rb3 Qe7 29. Rc3 Qe6 30. Kh2 Be7 31. Kg1 Bf6 32. Qb4 g6 33. Qb6 Qe7 34. Rcd3 Kg7 35. c3 Bg5 36. Rd1 Bf6 37. Kh1 Kg8 38. b3 Bg7 39. Nd2 Rc8 1/2-1/2

[Event "Swiss-538.4.01"]
[Site "IECC email"]
[Date "2010.05.06"]
[Round "?"]
[White "Wozniak, Zbigniew"]
[Black "De Bruin, Peter"]
[Result "1-0"]
[WhiteElo "1968"]
[BlackElo "1637"]
[PlyCount "63"]
[EventDate "2010.??.??"]
[EventType "tourn (corr)"]
[SourceTitle "Telechess CBM 149"]
[Source "ChessBase"]
[SourceDate "2012.07.17"]
[SourceVersion "1"]
[SourceVersionDate "2012.07.17"]
[SourceQuality "1"]
[WhiteTeam "Poland"]
[BlackTeam "US of America"]
[WhiteTeamCountry "POL"]
[BlackTeamCountry "USA"]

1. e4 c5 2. Nf3 d6 3. d4 Nf6 4. Nc3 cxd4 5. Nxd4 a6 6. Be3 e5 7. Nb3 Be6 8. f3 b5 9. Qd2 Be7 10. 0-0-0 0-0 11. g4 Qc7 12. h4 Rd8 13. g5 b4 14. Nd5 Nxd5 15. exd5 Bf5 16. Bd3 Bxd3 17. Qxd3 a5 18. h5 a4 19. Nd2 b3 20. axb3 axb3 21. Nxb3 Rf8 22. Qf5 Na6 23. Kb1 Nb4 24. g6 h6 25. Rdg1 Qc4 26. Bd2 Nxd5 27. Bxh6 Qc8 28. Qxc8 Raxc8 29. Bxg7 f5 30. Bxf8 Kxf8 31. h6 Ke8 32. h7 1-0

[Event "Swiss-536.4.05"]
[Site "IECC email"]
[Date "2010.02.26"]
[Round "?"]
[White "Wenger, Joseph"]
[Black "De Bruin, Peter"]
[Result "1/2-1/2"]
[WhiteElo "1799"]
[BlackElo "1626"]
[PlyCount "102"]
[EventDate "2010.??.??"]
[EventType "tourn (corr)"]
[SourceTitle "Telechess CBM 149"]
[Source "ChessBase"]
[SourceDate "2012.07.17"]
[SourceVersion "1"]
[SourceVersionDate "2012.07.17"]
[SourceQuality "1"]
[WhiteTeam "US of America"]
[BlackTeam "US of America"]
[WhiteTeamCountry "USA"]
[BlackTeamCountry "USA"]

1. e4 c5 2. Nf3 d6 3. d4 cxd4 4. Nxd4 e5 5. Nb3 Nf6 6. Nc3 Be7 7. Bg5 Nc6 8. Qd2 h6 9. Bxf6 Bxf6 10. Rd1 Be7 11. Be2 0-0 12. 0-0 Be6 13. Nd5 Bg5 14. Qd3 a5 15. c3 Ne7 16. Nd2 Nxd5 17. exd5 Bd7 18. Nf3 Be7 19. Rfe1 a4 20. Qe3 a3 21. b3 Qc7 22. c4 Rfe8 23. Nd2 Bg5 24. Qd3 f5 25. Qc3 e4 26. Bh5 Re5 27. Nf1 b5 28. Be2 f4 29. Qb4 bxc4 30. Bxc4 e3 31. fxe3 fxe3 32. Be2 Qb8 33. Qd4 Qf8 34. Ng3 Qe7 35. Rc1 Be8 36. Rc3 Bf6 37. Qd3 Bf7 38. Rec1 Bh4 39. Rc8+ Rxc8 40. Rxc8+ Be8 41. Nf5 Bf2+ 42. Kf1 Qf6 43. Bh5 Bh4 44. Ke2 Rxf5 45. Rxe8+ Kh7 46. Rc8 g6 47. Bf3 Qa1 48. Qd1 Qb2+ 49. Rc2 Qe5 50. Qc1 Bf2 51. b4 Rf7 1/2-1/2

[Event "Swiss-549.3.04"]
[Site "IECC email"]
[Date "2010.02.08"]
[Round "?"]
[White "De Bruin, Peter"]
[Black "Salazar Moran, Alejandro Fortunato"]
[Result "1/2-1/2"]
[WhiteElo "1644"]
[BlackElo "1775"]
[PlyCount "109"]
[EventDate "2010.??.??"]
[EventType "tourn (corr)"]
[SourceTitle "Telechess CBM 145"]
[Source "Chessbase"]
[SourceDate "2011.11.11"]
[SourceVersion "1"]
[SourceVersionDate "2011.11.11"]
[SourceQuality "1"]
[WhiteTeam "US of America"]
[BlackTeam "Ecuador"]
[WhiteTeamCountry "USA"]
[BlackTeamCountry "ECU"]

1. e4 e5 2. Nf3 Nf6 3. Nxe5 d6 4. Nf3 Nxe4 5. d4 d5 6. Bd3 Be7 7. 0-0 Nc6 8. Re1 Bg4 9. h3 Bxf3 10. Qxf3 Nxd4 11. Qe3 0-0 12. Qxd4 Bc5 13. Rxe4 Bxd4 14. Rxd4 c5 15. Rf4 f5 16. Nc3 d4 17. Ne2 Qa5 18. c3 Rae8 19. Bd2 Kh8 20. Ng3 Rd8 21. Bxf5 c4 22. Rf3 d3 23. Be4 Qa4 24. Nf1 Rxf3 25. Bxf3 Qc2 26. b4 Re8 27. a4 Re2 28. Re1 Rxe1 29. Bxe1 a5 30. bxa5 Qxa4 31. Bxb7 Qxa5 32. Bd2 g6 33. g3 Kg7 34. Kg2 Kf6 35. Nh2 Qb5 36. Be4 Ke5 37. f3 Qb3 38. Ng4+ Ke6 39. Ne3 Qa2 40. Nf1 Ke5 41. h4 Kf6 42. Bd5 Ke7 43. g4 Kd6 44. Bg8 h6 45. Kg3 Qa1 46. Ne3 Qg1+ 47. Ng2 Kd7 48. Bxc4 Qd1 49. Bb5+ Kc8 50. Bxh6 d2 51. Kh2 Qc2 52. Ba6+ Kd8 53. Be2 d1Q 54. Bxd1 Qxd1 55. Kg3 1/2-1/2

[Event "IECC Swiss-540.1"]
[Site "IECC email"]
[Date "2009.02.06"]
[Round "?"]
[White "Reilly, Jim"]
[Black "De Bruin, Peter"]
[Result "1/2-1/2"]
[WhiteElo "1447"]
[BlackElo "1679"]
[PlyCount "57"]
[EventDate "2009.??.??"]
[EventType "tourn (corr)"]
[EventRounds "1"]
[SourceTitle "Corr 2011"]
[Source "ChessBase"]
[SourceDate "2010.08.31"]
[SourceVersion "1"]
[SourceVersionDate "2010.08.31"]
[SourceQuality "1"]
[WhiteTeam "US of America"]
[BlackTeam "US of America"]
[WhiteTeamCountry "USA"]
[BlackTeamCountry "USA"]

1. e4 c5 2. Nf3 Nc6 3. d4 cxd4 4. Nxd4 e5 5. Nb5 Nf6 6. N1c3 d6 7. Bg5 a6 8. Na3 Be7 9. Bxf6 Bxf6 10. Nd5 0-0 11. c3 b5 12. Be2 Bg5 13. 0-0 Ne7 14. Ne3 Bb7 15. Bd3 f5 16. exf5 e4 17. Bc2 Bxe3 18. fxe3 Nxf5 19. Bb3+ Kh8 20. Nc2 Qg5 21. Qe2 Rf6 22. Rf2 Raf8 23. Raf1 h5 24. Rf4 h4 25. Qg4 Qxg4 26. Rxg4 Kh7 27. Rgf4 g5 28. R4f2 Kg6 29. a3 1/2-1/2

[Event "IECC Swiss-536.2"]
[Site "IECC email"]
[Date "2009.01.21"]
[Round "?"]
[White "Paluch, Andrzej"]
[Black "De Bruin, Peter"]
[Result "1-0"]
[WhiteElo "1532"]
[BlackElo "1649"]
[PlyCount "77"]
[EventDate "2009.??.??"]
[EventType "tourn (corr)"]
[EventRounds "1"]
[SourceTitle "Telechess CBM 137"]
[Source "ChessBase"]
[SourceDate "2010.07.15"]
[SourceVersion "1"]
[SourceVersionDate "2010.07.15"]
[SourceQuality "1"]
[WhiteTeam "Poland"]
[BlackTeam "US of America"]
[WhiteTeamCountry "POL"]
[BlackTeamCountry "USA"]

1. d4 d5 2. c4 e6 3. Nc3 Nf6 4. Bg5 Be7 5. Nf3 0-0 6. e3 Nc6 7. Qc2 h6 8. Bh4 Nb4 9. Qb3 g5 10. a3 Nc6 11. Bg3 Na5 12. Qa4 c5 13. cxd5 cxd4 14. Nxd4 Nxd5 15. Nxd5 Qxd5 16. Rd1 a6 17. h4 Qc5 18. hxg5 hxg5 19. Bd3 Rd8 20. Rd2 Bf6 21. Rc2 Qd5 22. Bc7 Qxg2 23. Rh6 Nc6 24. Rxf6 b5 25. Qb3 Nxd4 26. exd4 Rxd4 27. Rh6 Rh4 28. Rxh4 gxh4 29. Qb4 Bb7 30. Qxh4 Qh1+ 31. Qxh1 Bxh1 32. Be5 Rd8 33. Ke2 Bd5 34. Bf6 Rb8 35. Rc7 Kf8 36. Ke3 Ke8 37. Be2 Rb7 38. Rxb7 Bxb7 39. Kd4 1-0

[Event "IECC Swiss-527.3"]
[Site "IECC email"]
[Date "2008.09.05"]
[Round "?"]
[White "Wozniak, Zbigniew"]
[Black "De Bruin, Peter"]
[Result "1-0"]
[WhiteElo "1900"]
[BlackElo "1682"]
[PlyCount "81"]
[EventDate "2008.??.??"]
[EventType "tourn (corr)"]
[EventRounds "1"]
[SourceTitle "Corr 2011"]
[Source "ChessBase"]
[SourceDate "2010.08.31"]
[SourceVersion "1"]
[SourceVersionDate "2010.08.31"]
[SourceQuality "1"]
[WhiteTeam "Poland"]
[BlackTeam "US of America"]
[WhiteTeamCountry "POL"]
[BlackTeamCountry "USA"]

1. e4 c5 2. Nf3 e6 3. d4 cxd4 4. Nxd4 Nf6 5. Nc3 d6 6. Be3 a6 7. f3 e5 8. Nb3 Be7 9. Be2 0-0 10. 0-0 Bd7 11. a4 Nc6 12. Nd5 Nxd5 13. exd5 Na7 14. Qd2 f5 15. f4 e4 16. Nd4 Qc8 17. Ra3 b5 18. c4 bxa4 19. Rc1 Bf6 20. Bd1 Qb7 21. Bxa4 Bxa4 22. Rxa4 Nc8 23. Ne6 Re8 24. Bd4 Bxd4+ 25. Qxd4 Re7 26. Rca1 Qb6 27. b4 Qxd4+ 28. Nxd4 e3 29. Nxf5 Re4 30. R4a3 Rxf4 31. Nxe3 Rb8 32. Rb3 Rb6 33. g3 Rf7 34. Kg2 Rfb7 35. Ra4 Ne7 36. Kf3 Kf7 37. Ke4 g6 38. Nc2 Rc7 39. Kd3 g5 40. Rba3 Ra7 41. Ra5 1-0

[Event "IECC Swiss-536"]
[Site "IECC email"]
[Date "2008.07.27"]
[Round "?"]
[White "De Bruin, Peter"]
[Black "Sadler, Craig"]
[Result "1/2-1/2"]
[WhiteElo "1665"]
[BlackElo "1866"]
[PlyCount "83"]
[EventDate "2008.??.??"]
[EventType "match (corr)"]
[SourceTitle "Corr 2013"]
[Source "ChessBase"]
[SourceDate "2012.11.12"]
[SourceVersion "1"]
[SourceVersionDate "2012.11.12"]
[SourceQuality "1"]
[WhiteTeam "Italy"]
[BlackTeam "Argentina"]
[WhiteTeamCountry "ITA"]
[BlackTeamCountry "ARG"]

1. e4 d6 2. d4 g6 3. Nc3 Nf6 4. f4 Bg7 5. Nf3 0-0 6. Bd3 Nc6 7. 0-0 e5 8. fxe5 dxe5 9. d5 Nd4 10. Nxe5 Nxe4 11. Bxe4 Bxe5 12. Bf4 Bg7 13. Qd2 f5 14. Bd3 c6 15. d6 Qb6 16. Qe3 Bd7 17. Kh1 Rae8 18. Bc4+ Kh8 19. Qd3 Qxb2 20. Rab1 Qxc2 21. Qxc2 Nxc2 22. Rxb7 Bc8 23. Rxa7 Bxc3 24. d7 Bxd7 25. Rxd7 Ne3 26. Bxe3 Rxe3 27. Rc7 Rf6 28. Rb1 Re1+ 29. Rxe1 Bxe1 30. Rd7 Bb4 31. a4 Rf8 32. g3 Ra8 33. Bb3 Rb8 34. Bf7 Be1 35. Re7 Rb1 36. Kg2 Rb2+ 37. Kh1 Bd2 38. Re2 Kg7 39. Bc4 Rc2 40. Re7+ Kf8 41. Rf7+ Ke8 42. Be6 1/2-1/2

[Event "IECC Swiss-523"]
[Site "IECC email"]
[Date "2008.06.08"]
[Round "?"]
[White "Hendriks, Marrien"]
[Black "De Bruin, Peter"]
[Result "1-0"]
[WhiteElo "1655"]
[BlackElo "1689"]
[PlyCount "30"]
[EventDate "2008.??.??"]
[EventType "match (corr)"]
[SourceTitle "Corr 2013"]
[Source "ChessBase"]
[SourceDate "2012.11.12"]
[SourceVersion "1"]
[SourceVersionDate "2012.11.12"]
[SourceQuality "1"]
[WhiteTeam "France"]
[BlackTeam "Romania"]
[WhiteTeamCountry "FRA"]
[BlackTeamCountry "ROU"]

1. d4 Nf6 2. c4 d5 3. cxd5 Nxd5 4. Nf3 e6 5. e4 Nb6 6. Nc3 Be7 7. Bb5+ c6 8. Bd3 0-0 9. 0-0 a5 10. e5 Na6 11. a3 Nc7 12. Qc2 h6 13. Qe2 Nbd5 14. Bxh6 gxh6 15. Qe4 f5 1-0

[Event "IECC Swiss-525.3"]
[Site "IECC email"]
[Date "2008.04.15"]
[Round "?"]
[White "De Bruin, Peter"]
[Black "Buckle, Rodney"]
[Result "1-0"]
[WhiteElo "1675"]
[BlackElo "1204"]
[PlyCount "34"]
[EventDate "2008.??.??"]
[EventType "tourn (corr)"]
[EventRounds "1"]
[SourceTitle "Corr 2011"]
[Source "ChessBase"]
[SourceDate "2010.08.31"]
[SourceVersion "1"]
[SourceVersionDate "2010.08.31"]
[SourceQuality "1"]
[WhiteTeam "US of America"]
[BlackTeam "England"]
[WhiteTeamCountry "USA"]
[BlackTeamCountry "ENG"]

1. e4 c5 2. Nf3 d6 3. d4 cxd4 4. Qxd4 Nc6 5. Bb5 Bd7 6. Qd3 Nf6 7. 0-0 d5 8. exd5 Nb4 9. Bxd7+ Qxd7 10. Qb3 a5 11. c4 g6 12. Ne5 Qf5 13. a3 Qxe5 14. axb4 Bg7 15. bxa5 0-0 16. Qxb7 Ng4 17. g3 Qe2 1-0